• AIU
  • Tony Wilmot Memorial Library

Researching online (Record no. 53746)

MARC details
000 -LEADER
fixed length control field 01014cam a2200277 a 4500
001 - CONTROL NUMBER
control field 213262
003 - CONTROL NUMBER IDENTIFIER
control field OSt
005 - DATE AND TIME OF LATEST TRANSACTION
control field 20120315121321.0
008 - FIXED-LENGTH DATA ELEMENTS--GENERAL INFORMATION
fixed length control field 990128s1999 nyu 001 0 eng
010 ## - LIBRARY OF CONGRESS CONTROL NUMBER
LC control number 99167130
020 ## - INTERNATIONAL STANDARD BOOK NUMBER
International Standard Book Number 0321019601
035 ## - SYSTEM CONTROL NUMBER
System control number (DLC) 99167130
040 ## - CATALOGING SOURCE
Original cataloging agency DLC
Transcribing agency DLC
Modifying agency DLC
050 00 - LIBRARY OF CONGRESS CALL NUMBER
Classification number TK 5105.875
Item number I57B87 1998
100 ## - MAIN ENTRY--PERSONAL NAME
Personal name Anderson, Daniel.
9 (RLIN) 13534
245 00 - TITLE STATEMENT
Title Researching online
Statement of responsibility, etc adapted by Christopher Busiel and Tom Maeglin from Teaching online: internet research, conversation, and composition by Daniel Anderson ... [et al.].
260 ## - PUBLICATION, DISTRIBUTION, ETC. (IMPRINT)
Place of publication, distribution, etc New York :
Name of publisher, distributor, etc Longman,
Date of publication, distribution, etc c1998.
300 ## - PHYSICAL DESCRIPTION
Extent 88 p. ;
Dimensions 22 cm.
504 ## - BIBLIOGRAPHY, ETC. NOTE
Bibliography, etc Includes index.
650 #0 - SUBJECT ADDED ENTRY--TOPICAL TERM
Topical term or geographic name as entry element Internet
Form subdivision Handbooks, manuals, etc.
9 (RLIN) 13535
700 1# - ADDED ENTRY--PERSONAL NAME
Personal name Munger, David.
9 (RLIN) 13536
906 ## - LOCAL DATA ELEMENT F, LDF (RLIN)
a 7
b cbc
c orignew
d 2
e ncip
f 19
g y-gencatlg
942 ## - ADDED ENTRY ELEMENTS (KOHA)
Source of classification or shelving scheme Library of Congress Classification
Koha item type Books
Holdings
Withdrawn status Lost status Source of classification or shelving scheme Damaged status Not for loan Collection code Home library Current library Shelving location Date acquired Source of acquisition Cost, normal purchase price Total Checkouts Total Renewals Full call number Barcode Date last seen Date checked out Copy number Price effective from Koha item type
    Library of Congress Classification     General Circulation AIU/NEGST - Tony Wilmot Memorial Library AIU/NEGST - Tony Wilmot Memorial Library General Stacks 03/15/2012 Donation 10.00 3 2 TK 5105.875 I57B87 1998 R47867A3232 09/26/2019 10/17/2017 1 03/15/2012 Books